<?xml version="1.0" encoding="UTF-8"?>
<record
    xmlns:xsi="http://www.w3.org/2001/XMLSchema-instance"
    xsi:schemaLocation="http://www.loc.gov/MARC21/slim http://www.loc.gov/standards/marcxml/schema/MARC21slim.xsd"
    xmlns="http://www.loc.gov/MARC21/slim">

  <leader>01745nam2a22003131  4500</leader>
  <controlfield tag="001">RU\NLR\INFOCOMM15\5000247110</controlfield>
  <controlfield tag="005">20250617022707.0</controlfield>
  <datafield tag="035" ind1=" " ind2=" ">
    <subfield code="a">(NLR Aleph) 002379264</subfield>
  </datafield>
  <datafield tag="090" ind1=" " ind2=" ">
    <subfield code="a">4596325</subfield>
    <subfield code="c">4596325</subfield>
  </datafield>
  <datafield tag="100" ind1=" " ind2=" ">
    <subfield code="a">20041216d1885    |||y0rusy50      ca</subfield>
  </datafield>
  <datafield tag="101" ind1="0" ind2=" ">
    <subfield code="a">rus</subfield>
  </datafield>
  <datafield tag="102" ind1=" " ind2=" ">
    <subfield code="a">RU</subfield>
  </datafield>
  <datafield tag="105" ind1=" " ind2=" ">
    <subfield code="a">y   ||||000|y</subfield>
  </datafield>
  <datafield tag="135" ind1=" " ind2=" ">
    <subfield code="a">crgn 008anaba</subfield>
  </datafield>
  <datafield tag="200" ind1="0" ind2=" ">
    <subfield code="a">&#x413;.6 1885, &#x2116; 15</subfield>
  </datafield>
  <datafield tag="210" ind1=" " ind2=" ">
    <subfield code="d">1885</subfield>
    <subfield code="a">&#x411;. &#x43C;.</subfield>
  </datafield>
  <datafield tag="325" ind1="1" ind2=" ">
    <subfield code="a">&#x41A;&#x43E;&#x43F;&#x438;&#x44F; &#x434;&#x43E;&#x441;&#x442;&#x443;&#x43F;&#x43D;&#x430; &#x432; &#x44D;&#x43B;&#x435;&#x43A;&#x442;&#x440;&#x43E;&#x43D;&#x43D;&#x43E;&#x439; &#x431;&#x438;&#x431;&#x43B;&#x438;&#x43E;&#x442;&#x435;&#x43A;&#x435; &#x420;&#x41D;&#x411;</subfield>
  </datafield>
  <datafield tag="421" ind1=" " ind2="0">
    <subfield code="1">2001#$a&#x41E;&#x431;&#x44A;&#x44F;&#x441;&#x43D;&#x435;&#x43D;&#x438;&#x435; &#x410;&#x43F;&#x43E;&#x43A;&#x430;&#x43B;&#x438;&#x43F;&#x441;&#x438;&#x441;&#x430; &#x441;&#x432;&#x44F;&#x442;&#x43E;&#x433;&#x43E; &#x430;&#x43F;&#x43E;&#x441;&#x442;&#x43E;&#x43B;&#x430; &#x418;&#x43E;&#x430;&#x43D;&#x43D;&#x430; &#x411;&#x43E;&#x433;&#x43E;&#x441;&#x43B;&#x43E;&#x432;&#x430;$e(&#x41F;&#x440;&#x43E;&#x434;&#x43E;&#x43B;&#x436;&#x435;&#x43D;&#x438;&#x435;)</subfield>
    <subfield code="1">210##$a[&#x422;&#x43E;&#x43C;&#x441;&#x43A;$d1884-1885]</subfield>
    <subfield code="1">215##$a14-61, 78-149 &#x441;.</subfield>
    <subfield code="1">300##$a&#x41D;&#x430;&#x447;&#x430;&#x43B;&#x43E; &#x43D;&#x430;&#x43F;&#x435;&#x447;. &#x43D;&#x430; &#x441;&#x442;&#x440;. &#x436;&#x443;&#x440;&#x43D;. ... 1883 &#x2116;1, 7, 9, 11-12, 14, 16, 20, 1884 &#x2116;2, 5</subfield>
    <subfield code="1">309##$a(&#x41F;&#x440;&#x438;&#x43F;&#x43B;.)</subfield>
    <subfield code="1">316##$a&#x42D;&#x43A;&#x437;. &#x434;&#x435;&#x444;.: &#x43E;&#x442;&#x441;&#x443;&#x442;&#x441;&#x442;&#x432;&#x443;&#x44E;&#x442; &#x441;. 62-77</subfield>
    <subfield code="t">&#x41E;&#x431;&#x44A;&#x44F;&#x441;&#x43D;&#x435;&#x43D;&#x438;&#x435; &#x410;&#x43F;&#x43E;&#x43A;&#x430;&#x43B;&#x438;&#x43F;&#x441;&#x438;&#x441;&#x430; &#x441;&#x432;&#x44F;&#x442;&#x43E;&#x433;&#x43E; &#x430;&#x43F;&#x43E;&#x441;&#x442;&#x43E;&#x43B;&#x430; &#x418;&#x43E;&#x430;&#x43D;&#x43D;&#x430; &#x411;&#x43E;&#x433;&#x43E;&#x441;&#x43B;&#x43E;&#x432;&#x430;</subfield>
  </datafield>
  <datafield tag="461" ind1=" " ind2="0">
    <subfield code="1">001RU\NLR\INFOCOMM15\5000246975</subfield>
    <subfield code="1">2001#$a&#x422;&#x43E;&#x43C;&#x441;&#x43A;&#x438;&#x435; &#x435;&#x43F;&#x430;&#x440;&#x445;&#x438;&#x430;&#x43B;&#x44C;&#x43D;&#x44B;&#x435; &#x432;&#x435;&#x434;&#x43E;&#x43C;&#x43E;&#x441;&#x442;&#x438;$v&#x413;.6 1885, &#x2116; 15</subfield>
    <subfield code="9">4596284</subfield>
    <subfield code="c">&#x422;&#x43E;&#x43C;&#x441;&#x43A;</subfield>
    <subfield code="d">1880-1917</subfield>
    <subfield code="t">&#x422;&#x43E;&#x43C;&#x441;&#x43A;&#x438;&#x435; &#x435;&#x43F;&#x430;&#x440;&#x445;&#x438;&#x430;&#x43B;&#x44C;&#x43D;&#x44B;&#x435; &#x432;&#x435;&#x434;&#x43E;&#x43C;&#x43E;&#x441;&#x442;&#x438;</subfield>
    <subfield code="v">&#x413;.6 1885, &#x2116; 15</subfield>
  </datafield>
  <datafield tag="801" ind1=" " ind2="1">
    <subfield code="a">RU</subfield>
    <subfield code="b">InfoComm</subfield>
    <subfield code="c">20041216</subfield>
  </datafield>
  <datafield tag="801" ind1=" " ind2="0">
    <subfield code="a">RU</subfield>
    <subfield code="b">NLR</subfield>
    <subfield code="g">PSBO</subfield>
  </datafield>
  <datafield tag="852" ind1=" " ind2=" ">
    <subfield code="a">NLR</subfield>
    <subfield code="j">5/59</subfield>
  </datafield>
  <datafield tag="901" ind1=" " ind2=" ">
    <subfield code="e">&#x416;&#x443;&#x440;&#x43D;&#x430;&#x43B;&#x44B;</subfield>
  </datafield>
  <datafield tag="942" ind1=" " ind2=" ">
    <subfield code="c">ISSUE</subfield>
  </datafield>
  <datafield tag="980" ind1=" " ind2=" ">
    <subfield code="a">NB</subfield>
  </datafield>
  <datafield tag="980" ind1=" " ind2=" ">
    <subfield code="a">RUSPER</subfield>
  </datafield>
  <datafield tag="981" ind1="1" ind2="5">
    <subfield code="a">(15) &#x415;&#x43F;&#x430;&#x440;&#x445;&#x438;&#x430;&#x43B;&#x44C;&#x43D;&#x44B;&#x435; &#x432;&#x435;&#x434;&#x43E;&#x43C;&#x43E;&#x441;&#x442;&#x438;</subfield>
    <subfield code="b">(15) &#x422;&#x43E;&#x43C;&#x441;&#x43A;&#x438;&#x435; &#x435;&#x43F;&#x430;&#x440;&#x445;&#x438;&#x430;&#x43B;&#x44C;&#x43D;&#x44B;&#x435; &#x432;&#x435;&#x434;&#x43E;&#x43C;&#x43E;&#x441;&#x442;&#x438;</subfield>
  </datafield>
</record>
